La esencia de la verdad /

Guardado en:
Autor Principal: Balthasar, Hans Urs von, 1905-1988.
Formato: Libro
Idioma:Spanish
Publicado: Buenos Aires : Sudamericana, 1955.
Materias:
Etiquetas: Agregar Etiqueta
Sin Etiquetas, Sea el primero en etiquetar este registro!
LEADER 00445nam a22001455a 4500
001 EUN.um003886
008 041125s1955####ag############000#0#spa#d
005 20210427091523.0
245 1 3 |a La esencia de la verdad /  |c Hans U. von Balthasar. 
260 |a Buenos Aires :  |b Sudamericana,  |c 1955. 
300 |a 308 p. 
100 1 |a Balthasar, Hans Urs von,  |d 1905-1988. 
082 0 4 |a 111 
653 |a Ontologia 
859 |a Ar-BaUNS  |b BIB. CENTRAL - Sector C  |h 111  |i B217  |p 2940/956